[Event "HUN-chT2 Charousek 1011"]
[Site "Hungary"]
[Date "2010.11.21"]
[Round "6"]
[White "Szabo, Adam"]
[Black "Goczo, Melinda"]
[Result "1/2-1/2"]
[WhiteElo "2138"]
[BlackElo "2206"]
[PlyCount "62"]
[EventDate "2010.09.12"]
[EventType "team-tourn"]
[EventRounds "11"]
[EventCountry "HUN"]
[SourceTitle "EXT 2012"]
[Source "ChessBase"]
[SourceDate "2011.11.24"]
[SourceVersion "1"]
[SourceVersionDate "2011.11.24"]
[SourceQuality "1"]
[WhiteTeam "Tapolca"]
[BlackTeam "Tatai Honved"]
[WhiteTeamCountry "HUN"]
[BlackTeamCountry "HUN"]

1. c4 e6 2. g3 c5 3. Bg2 Nc6 4. Nf3 Nf6 5. 0-0 Be7 6. Nc3 d5 7. cxd5 Nxd5 8. d4 cxd4 9. Nxd5 exd5 10. Nxd4 0-0 11. Nxc6 bxc6 12. Be3 Bf6 13. Bd4 Bxd4 14. Qxd4 Ba6 15. Rfc1 Rc8 16. e3 Qb6 17. Rc5 Rce8 18. Rac1 Re6 19. Qc3 Bc4 20. Qa3 Bb5 21. b3 Rfe8 22. Qb4 h6 23. a4 Bc4 24. Qa3 Qxb3 25. Qxb3 Bxb3 26. Rxc6 Rxc6 27. Rxc6 Bxa4 28. Ra6 Bb3 29. Rxa7 d4 30. Ra3 dxe3 31. fxe3 Bc4 1/2-1/2

[Event "HUN-chT2 Charousek 0910"]
[Site "Hungary"]
[Date "2010.05.02"]
[Round "11"]
[White "Remete, Eszter"]
[Black "Szabo, Adam"]
[Result "0-1"]
[WhiteElo "2075"]
[BlackElo "2116"]
[PlyCount "66"]
[EventDate "2009.11.08"]
[EventType "team-tourn"]
[EventRounds "11"]
[EventCountry "HUN"]
[SourceTitle "EXT 2011"]
[Source "ChessBase"]
[SourceDate "2010.11.26"]
[SourceVersion "1"]
[SourceVersionDate "2010.11.26"]
[SourceQuality "1"]
[WhiteTeam "Haladas II"]
[BlackTeam "Tapolca"]
[WhiteTeamCountry "HUN"]
[BlackTeamCountry "HUN"]

1. e4 Nf6 2. Nc3 d5 3. exd5 Nxd5 4. Bc4 c6 5. Qf3 Be6 6. Bb3 g6 7. Nge2 Bg7 8. 0-0 0-0 9. Ne4 Nd7 10. d4 Nc7 11. Bg5 a5 12. c3 a4 13. Bc2 Bd5 14. Qh3 Ra5 15. Qh4 f6 16. Bd2 Bc4 17. Rfe1 Rh5 18. Qg3 f5 19. Ng5 e5 20. dxe5 a3 21. b3 Bxe2 22. Rxe2 f4 23. Bxf4 Rxf4 24. Qxf4 Rxg5 25. e6 Ne5 26. Rd1 Qe7 27. Rd7 Nxe6 28. Rxe7 Nxf4 29. Re4 Nf3+ 30. Kf1 Nd2+ 31. Ke1 Nxe4 32. Bxe4 Bxc3+ 33. Kf1 Re5 0-1

[Event "Tapolca Acs Memorial op"]
[Site "Budapest"]
[Date "2009.08.18"]
[Round "7"]
[White "Feher, Gyula"]
[Black "Szabo, Adam"]
[Result "1/2-1/2"]
[WhiteElo "2353"]
[BlackElo "2106"]
[PlyCount "23"]
[EventDate "2009.08.15"]
[EventType "swiss"]
[EventRounds "7"]
[EventCountry "HUN"]
[SourceTitle "EXT 2011"]
[Source "ChessBase"]
[SourceDate "2010.11.26"]
[SourceVersion "1"]
[SourceVersionDate "2010.11.26"]
[SourceQuality "1"]

1. Nf3 g6 2. e4 c6 3. d4 d5 4. Nc3 Bg7 5. h3 Nf6 6. Bd3 dxe4 7. Nxe4 Nxe4 8. Bxe4 Nd7 9. 0-0 0-0 10. Bg5 Qb6 11. Bd3 e5 12. dxe5 1/2-1/2

[Event "Tapolca Acs Memorial op"]
[Site "Budapest"]
[Date "2009.08.16"]
[Round "2"]
[White "Szabo, Adam"]
[Black "Gonda, Laszlo"]
[Result "0-1"]
[WhiteElo "2106"]
[BlackElo "2499"]
[PlyCount "66"]
[EventDate "2009.08.15"]
[EventType "swiss"]
[EventRounds "7"]
[EventCountry "HUN"]
[SourceTitle "EXT 2011"]
[Source "ChessBase"]
[SourceDate "2010.11.26"]
[SourceVersion "1"]
[SourceVersionDate "2010.11.26"]
[SourceQuality "1"]

1. e4 e5 2. Nf3 Nc6 3. Nc3 Nf6 4. Bb5 Bd6 5. d3 h6 6. h3 a6 7. Bxc6 dxc6 8. Be3 c5 9. Qd2 Be6 10. a4 Nd7 11. Ne2 Nb8 12. Nh2 Nc6 13. 0-0 g5 14. g4 h5 15. f3 f6 16. Ng3 hxg4 17. hxg4 Qe7 18. Nf5 Qh7 19. Rf2 0-0-0 20. b3 Nd4 21. Raf1 Bf8 22. Rg2 Bd7 23. Rff2 Ne6 24. Kf1 Qf7 25. Ke1 Nf4 26. Bxf4 exf4 27. Nf1 c4 28. bxc4 Bc5 29. Re2 Rh3 30. Nh2 Bxf5 31. gxf5 Qd7 32. Qa5 Qd6 33. Kd1 Qd4 0-1

[Event "HUN-chT2 Szechenyi 0809"]
[Site "Hungary"]
[Date "2009.01.25"]
[Round "6.1"]
[White "Szabo, Adam"]
[Black "Aczel, Gergely"]
[Result "0-1"]
[WhiteElo "2116"]
[BlackElo "2285"]
[PlyCount "176"]
[EventDate "2008.10.26"]
[EventType "team-tourn"]
[EventRounds "11"]
[EventCountry "HUN"]
[SourceTitle "EXT 2010"]
[Source "ChessBase"]
[SourceDate "2010.11.25"]
[SourceVersion "1"]
[SourceVersionDate "2010.11.25"]
[SourceQuality "1"]
[WhiteTeam "Tapolca II"]
[BlackTeam "Veszprem"]
[WhiteTeamCountry "HUN"]
[BlackTeamCountry "HUN"]

1. Nf3 c5 2. g3 b6 3. Bg2 Bb7 4. c4 Nf6 5. Nc3 e6 6. 0-0 Be7 7. d4 cxd4 8. Qxd4 0-0 9. b3 Qc8 10. Bb2 Rd8 11. Rac1 d6 12. Rfd1 Nbd7 13. Qd2 a6 14. Qe1 Qc7 15. Qf1 Rac8 16. Nd2 Ne8 17. Bxb7 Qxb7 18. Qg2 Qxg2+ 19. Kxg2 Kf8 20. g4 Bg5 21. Kg3 Ke7 22. Nce4 Bxd2 23. Rxd2 Nc5 24. Nxc5 bxc5 25. Bc3 Rd7 26. Rcd1 Ra7 27. Ba5 Nf6 28. f3 Rc6 29. Rd3 Nd7 30. R3d2 f6 31. h4 g6 32. Rb2 Ra8 33. Rbd2 Rb8 34. g5 f5 35. Rh1 e5 36. e3 Nf8 37. f4 exf4+ 38. exf4 Re8 39. Re2+ Kf7 40. Rxe8 Kxe8 41. h5 Kf7 42. Bc3 Rc7 43. hxg6+ hxg6 44. Bf6 Rc8 45. Rd1 Rc6 46. Re1 Rc7 47. Rd1 Rd7 48. Kf3 Nh7 49. Bc3 Ke8 50. Ba5 Nf8 51. Bc3 Rh7 52. Kg3 Re7 53. Kf3 Re6 54. Bg7 Nd7 55. Rd3 Nb8 56. Re3 Kd7 57. Ke2 Nc6 58. Bc3 Rxe3+ 59. Kxe3 d5 60. cxd5 Ne7 61. Be5 Nxd5+ 62. Kd2 Kc6 63. a3 Nb6 64. Kc3 Nd7 65. Bg7 Kd5 66. Kd3 Nb6 67. Bf8 Na8 68. Be7 Nc7 69. Bf6 Ne6 70. Ke3 c4 71. b4 Kc6 72. Be5 Kb5 73. Kd2 Kc6 74. Kc3 Kd5 75. Bb8 Nd4 76. a4 Ne2+ 77. Kd2 Ng3 78. Ke3 Ne4 79. Ba7 Nc3 80. a5 Nb5 81. Bb8 Nd4 82. Be5 Nc2+ 83. Kd2 Nxb4 84. Kc3 Nd3 85. Bc7 Nc5 86. Kb4 Ne6 87. Bb8 Kd4 88. Be5+ Kd3 0-1

[Event "HUN-chT2 Szechenyi 0809"]
[Site "Hungary"]
[Date "2008.11.30"]
[Round "3.1"]
[White "Horvath, Gabor1111"]
[Black "Szabo, Adam"]
[Result "1/2-1/2"]
[WhiteElo "2109"]
[BlackElo "2116"]
[PlyCount "45"]
[EventDate "2008.10.26"]
[EventType "team-tourn"]
[EventRounds "11"]
[EventCountry "HUN"]
[SourceTitle "EXT 2010"]
[Source "ChessBase"]
[SourceDate "2010.11.25"]
[SourceVersion "1"]
[SourceVersionDate "2010.11.25"]
[SourceQuality "1"]
[WhiteTeam "Flesch"]
[BlackTeam "Tapolca II"]
[WhiteTeamCountry "HUN"]
[BlackTeamCountry "HUN"]

1. e4 c6 2. d4 d5 3. Nc3 dxe4 4. Nxe4 Nd7 5. Bc4 Ngf6 6. Ng5 e6 7. Qe2 Nb6 8. Bb3 h6 9. N5f3 a5 10. a4 c5 11. dxc5 Bxc5 12. Ne5 Qc7 13. Ngf3 Nbd5 14. Qb5+ Kd8 15. 0-0 b6 16. Qe2 Ba6 17. Bc4 Bxc4 18. Qxc4 Rc8 19. Qe2 Bd6 20. c4 Nb4 21. Bd2 Nc6 22. Bc3 Nxe5 23. Bxe5 1/2-1/2

[Event "HUN-chT2 Szechenyi 0708"]
[Site "Hungary"]
[Date "2008.02.17"]
[Round "6"]
[White "Magyar, Otto"]
[Black "Szabo, Adam"]
[Result "1-0"]
[WhiteElo "2304"]
[BlackElo "2120"]
[PlyCount "63"]
[EventDate "2007.10.14"]
[EventType "team"]
[EventRounds "11"]
[EventCountry "HUN"]
[SourceTitle "EXT 2009"]
[Source "ChessBase"]
[SourceDate "2008.11.26"]
[SourceVersion "1"]
[SourceVersionDate "2008.11.26"]
[SourceQuality "1"]
[WhiteTeam "Keszthely"]
[BlackTeam "Tapolca Szeremley"]
[WhiteTeamCountry "HUN"]
[BlackTeamCountry "HUN"]

1. e4 e5 2. Nf3 Nc6 3. Bb5 a6 4. Ba4 Nf6 5. 0-0 b5 6. Bb3 Be7 7. Re1 0-0 8. c3 d6 9. h3 Nd7 10. d4 Bf6 11. a4 Bb7 12. Na3 Nb6 13. d5 Ne7 14. Be3 c6 15. a5 Nbc8 16. Nc2 cxd5 17. exd5 Nf5 18. Bc1 g6 19. Nb4 Nce7 20. Nd2 Bg7 21. Ne4 f6 22. f4 h6 23. Rf1 exf4 24. Bxf4 g5 25. Bh2 Ne3 26. Qd3 Nxf1 27. Rxf1 Nc8 28. Ng3 Rf7 29. Nf5 Bf8 30. Re1 Kh8 31. Qf3 Ra7 32. Qh5 1-0

[Event "HUN-chT2 Charousek 0708"]
[Site "Hungary"]
[Date "2007.12.16"]
[Round "5"]
[White "Szabo, Adam"]
[Black "Guzs, Laszlo"]
[Result "1/2-1/2"]
[WhiteElo "2123"]
[BlackElo "2059"]
[PlyCount "29"]
[EventDate "2007.10.14"]
[EventType "team"]
[EventRounds "11"]
[EventCountry "HUN"]
[SourceTitle "EXT 2009"]
[Source "ChessBase"]
[SourceDate "2008.11.26"]
[SourceVersion "1"]
[SourceVersionDate "2008.11.26"]
[SourceQuality "1"]
[WhiteTeam "Tapolca"]
[BlackTeam "Gyor Elektromos"]
[WhiteTeamCountry "HUN"]
[BlackTeamCountry "HUN"]

1. e4 e5 2. Nf3 Nf6 3. Nc3 Bb4 4. Nxe5 Qe7 5. Nd3 Bxc3 6. dxc3 Qxe4+ 7. Be2 0-0 8. 0-0 d6 9. Bf3 Qf5 10. h3 Nc6 11. g4 Qd7 12. Bg2 Kh8 13. Bf4 b6 14. Bg3 Bb7 15. Nf4 1/2-1/2

[Event "HUN-chT2 Szechenyi 0708"]
[Site "Hungary"]
[Date "2007.11.25"]
[Round "3"]
[White "Olle, Peter"]
[Black "Szabo, Adam"]
[Result "1-0"]
[WhiteElo "2220"]
[BlackElo "2120"]
[PlyCount "97"]
[EventDate "2007.10.14"]
[EventType "team"]
[EventRounds "11"]
[EventCountry "HUN"]
[SourceTitle "EXT 2009"]
[Source "ChessBase"]
[SourceDate "2008.11.26"]
[SourceVersion "1"]
[SourceVersionDate "2008.11.26"]
[SourceQuality "1"]
[WhiteTeam "Sarvar"]
[BlackTeam "Tapolca Szeremley"]
[WhiteTeamCountry "HUN"]
[BlackTeamCountry "HUN"]

1. Nf3 Nf6 2. d4 d5 3. e3 c6 4. Bd3 Bg4 5. Nbd2 Nbd7 6. Qe2 e6 7. c3 Be7 8. e4 dxe4 9. Nxe4 Qc7 10. Ng3 Nh5 11. Qe3 Nxg3 12. hxg3 Bxf3 13. Qxf3 h6 14. Be3 Nf6 15. 0-0-0 Qa5 16. Kb1 0-0-0 17. g4 Qd5 18. Qh3 h5 19. gxh5 Rxh5 20. Qg3 g6 21. Rxh5 Qxh5 22. Re1 Rh8 23. Bf4 Qg4 24. Qe3 Nd7 25. Rg1 g5 26. Bg3 Qh5 27. Qe4 Qh6 28. f3 f5 29. Qe2 Qf6 30. Re1 Rh6 31. Bc4 f4 32. Bf2 Nf8 33. Ka1 Bd6 34. Bb3 Qf5 35. d5 cxd5 36. Bxa7 Qf7 37. Qb5 Qd7 38. Qa5 Bc7 39. Qa3 Ng6 40. Bc5 Bb8 41. Ba4 Qh7 42. Qb3 Ne5 43. Bb6 Rh1 44. Qd1 Rxe1 45. Qxe1 Qh6 46. Qg1 Bd6 47. a3 Nc6 48. Qf1 Qh7 49. c4 1-0

[Event "HUN-chT2 Szechenyi 0607"]
[Site "Hungary"]
[Date "2007.05.06"]
[Round "10"]
[White "Csonka, Attila Istvan"]
[Black "Szabo, Adam"]
[Result "1-0"]
[WhiteElo "2305"]
[BlackElo "2125"]
[PlyCount "71"]
[EventDate "2006.11.12"]
[EventType "team"]
[EventRounds "11"]
[EventCountry "HUN"]
[SourceTitle "EXT 2008"]
[Source "ChessBase"]
[SourceDate "2007.11.25"]
[SourceVersion "1"]
[SourceVersionDate "2007.11.25"]
[SourceQuality "1"]
[WhiteTeam "Haladas II"]
[BlackTeam "Tapolca Varju"]
[WhiteTeamCountry "HUN"]
[BlackTeamCountry "HUN"]

1. e4 c5 2. Nf3 a6 3. c3 d5 4. e5 Bf5 5. d4 e6 6. Be2 Nd7 7. 0-0 Ne7 8. Re1 Nc6 9. a3 Be7 10. Nbd2 0-0 11. b4 cxd4 12. cxd4 f6 13. exf6 Bxf6 14. Bb2 g5 15. Nb3 Qe7 16. b5 axb5 17. Bxb5 Rac8 18. Rc1 Bg4 19. Re3 Qg7 20. h3 Bxf3 21. Rxf3 Kh8 22. Bxc6 Rxc6 23. Rxc6 bxc6 24. Qc2 Rc8 25. Rc3 Nb8 26. Nc5 Re8 27. Rb3 Qg8 28. Rb7 Be7 29. a4 Bd6 30. a5 Qg6 31. Qxg6 hxg6 32. a6 Bxc5 33. dxc5+ Kg8 34. a7 Na6 35. Rg7+ Kf8 36. Rh7 1-0

[Event "HUN-chT2 Szechenyi 0607"]
[Site "Hungary"]
[Date "2007.03.25"]
[Round "7"]
[White "Szabo, Adam"]
[Black "Paksa, Rudolf"]
[Result "1/2-1/2"]
[WhiteElo "2125"]
[BlackElo "2234"]
[PlyCount "80"]
[EventDate "2006.11.12"]
[EventType "team"]
[EventRounds "11"]
[EventCountry "HUN"]
[SourceTitle "EXT 2008"]
[Source "ChessBase"]
[SourceDate "2007.11.25"]
[SourceVersion "1"]
[SourceVersionDate "2007.11.25"]
[SourceQuality "1"]
[WhiteTeam "Tapolca Varju"]
[BlackTeam "Ajka Banyasz"]
[WhiteTeamCountry "HUN"]
[BlackTeamCountry "HUN"]

1. e4 e5 2. Nf3 Nc6 3. Nc3 Bb4 4. Nd5 Bc5 5. Bc4 d6 6. h3 Na5 7. Bd3 c6 8. Nc3 b5 9. Ne2 Be6 10. c3 Bb6 11. Bc2 Nf6 12. d4 Qc7 13. 0-0 h6 14. Ng3 g6 15. a4 a6 16. axb5 cxb5 17. d5 Bd7 18. Kh1 Nb7 19. Nh2 g5 20. Qf3 Qd8 21. Nf5 Bxf5 22. Qxf5 Ke7 23. f4 gxf4 24. Bxf4 Qd7 25. Bxe5 Qxf5 26. Rxf5 dxe5 27. Raf1 Nd7 28. Rxf7+ Kd6 29. Ng4 Raf8 30. Rxf8 Rxf8 31. Rxf8 Nxf8 32. Nxh6 Ke7 33. Nf5+ Kf6 34. h4 Bc7 35. g4 Nh7 36. g5+ Nxg5 37. hxg5+ Kxg5 38. Kg2 Kf4 39. b4 Nd6 40. Nxd6 Bxd6 1/2-1/2

[Event "HUN-chT2 Szechenyi 0607"]
[Site "Hungary"]
[Date "2006.12.17"]
[Round "4"]
[White "Szabo, Adam"]
[Black "Elo, Istvan"]
[Result "1/2-1/2"]
[WhiteElo "2125"]
[BlackElo "2137"]
[PlyCount "55"]
[EventDate "2006.11.12"]
[EventType "team"]
[EventRounds "11"]
[EventCountry "HUN"]
[SourceTitle "EXT 2008"]
[Source "ChessBase"]
[SourceDate "2007.11.25"]
[SourceVersion "1"]
[SourceVersionDate "2007.11.25"]
[SourceQuality "1"]
[WhiteTeam "Tapolca Varju"]
[BlackTeam "Flesch"]
[WhiteTeamCountry "HUN"]
[BlackTeamCountry "HUN"]

1. e4 c5 2. Nf3 a6 3. c4 d6 4. d4 cxd4 5. Nxd4 Nf6 6. Nc3 g6 7. Be2 Bg7 8. Be3 Bd7 9. 0-0 0-0 10. f4 Nc6 11. Nb3 Rc8 12. c5 Be6 13. cxd6 exd6 14. Kh1 Na5 15. Nxa5 Qxa5 16. Bf3 Rfd8 17. Rf2 b5 18. a3 Bc4 19. Rd2 Qc7 20. Qg1 Rb8 21. Bd4 Ne8 22. Rc1 Bxd4 23. Qxd4 Qc5 24. Nd5 Qxd4 25. Rxd4 Bxd5 26. Rxd5 Rdc8 27. Rdd1 h5 28. Kg1 1/2-1/2

[Event "HUN-chT2 Szechenyi 0607"]
[Site "Hungary"]
[Date "2006.11.26"]
[Round "2"]
[White "Szabo, Adam"]
[Black "Lendvai, Edit"]
[Result "1/2-1/2"]
[WhiteElo "2125"]
[BlackElo "2126"]
[PlyCount "25"]
[EventDate "2006.11.12"]
[EventType "team"]
[EventRounds "11"]
[EventCountry "HUN"]
[SourceTitle "EXT 2008"]
[Source "ChessBase"]
[SourceDate "2007.11.25"]
[SourceVersion "1"]
[SourceVersionDate "2007.11.25"]
[SourceQuality "1"]
[WhiteTeam "Tapolca Varju"]
[BlackTeam "Arboretum"]
[WhiteTeamCountry "HUN"]
[BlackTeamCountry "HUN"]

1. e4 e5 2. Nf3 d6 3. d4 Nd7 4. Nc3 Ngf6 5. g3 Be7 6. Bg2 0-0 7. 0-0 c6 8. a4 Re8 9. b3 Qc7 10. Bb2 h6 11. Qd2 Nh7 12. Rad1 Ng5 13. h4 1/2-1/2

[Event "HUN-chT2 Szechenyi 0506"]
[Site "Hungary"]
[Date "2005.11.27"]
[Round "4"]
[White "Szabo, Adam"]
[Black "Bende, Ede"]
[Result "1/2-1/2"]
[WhiteElo "2104"]
[BlackElo "2175"]
[PlyCount "27"]
[EventDate "2005.10.16"]
[EventType "team"]
[EventRounds "11"]
[EventCountry "HUN"]
[SourceTitle "EXT 2009"]
[Source "ChessBase"]
[SourceDate "2008.11.26"]
[SourceVersion "1"]
[SourceVersionDate "2008.11.26"]
[SourceQuality "1"]
[WhiteTeam "Tapolca Varju"]
[BlackTeam "Gyor Komszomol"]
[WhiteTeamCountry "HUN"]
[BlackTeamCountry "HUN"]

1. e4 e6 2. d4 d5 3. Nd2 c5 4. exd5 exd5 5. Ngf3 Nc6 6. Bb5 Nf6 7. 0-0 Be7 8. dxc5 Bxc5 9. Nb3 Qb6 10. Bxc6+ bxc6 11. Nxc5 Qxc5 12. Be3 Qd6 13. Qd4 0-0 14. Bf4 1/2-1/2

[Event "HUN-chT2 Szechenyi 0405"]
[Site "Hungary"]
[Date "2005.01.23"]
[Round "6"]
[White "Varga, Tibor"]
[Black "Szabo, Adam"]
[Result "0-1"]
[WhiteElo "2025"]
[BlackElo "2106"]
[PlyCount "118"]
[EventDate "2004.09.26"]
[EventType "team"]
[EventRounds "11"]
[EventCountry "HUN"]
[SourceTitle "EXT 2009"]
[Source "ChessBase"]
[SourceDate "2008.11.26"]
[SourceVersion "1"]
[SourceVersionDate "2008.11.26"]
[SourceQuality "1"]
[WhiteTeam "Haladas II"]
[BlackTeam "Tapolca II"]
[WhiteTeamCountry "HUN"]
[BlackTeamCountry "HUN"]

1. e4 e5 2. Nf3 Nc6 3. Bb5 a6 4. Bxc6 dxc6 5. 0-0 Qd6 6. d4 exd4 7. Nxd4 Bd7 8. Nc3 0-0-0 9. Be3 Nh6 10. h3 f5 11. Bg5 Be7 12. e5 Qxe5 13. Re1 Qxe1+ 14. Qxe1 Bxg5 15. Na4 Rhe8 16. Qb4 Be7 17. Qc3 Bf6 18. Nc5 Nf7 19. Qb3 Nd6 20. Nde6 Bxe6 21. Nxe6 Rd7 22. Nc5 Rde7 23. Rd1 h6 24. g3 Re1+ 25. Rxe1 Rxe1+ 26. Kg2 Re8 27. c3 Re7 28. Kf1 Re5 29. Nd3 Re8 30. Nf4 Be5 31. Ng2 Bf6 32. Ne3 Bg5 33. Nc2 Bf6 34. a4 a5 35. Qa2 b6 36. Qb1 Ne4 37. Qd1 g6 38. Kg2 Rd8 39. Qf1 Rd2 40. Ne3 Rxf2+ 41. Qxf2 Nxf2 42. Kxf2 Kd7 43. Kf3 Bg5 44. Nc4 Ke6 45. Ke2 Kd5 46. Kd3 Be7 47. b3 Bd6 48. Ne3+ Ke6 49. Nf1 b5 50. Kd4 Be5+ 51. Kc5 bxa4 52. bxa4 Bxc3 53. Kxc6 Ke5 54. Ne3 Ke4 55. Nd5 Be5 56. Nxc7 Bxc7 57. Kxc7 Kf3 58. g4 fxg4 59. hxg4 Kxg4 0-1